UK Number One Hits Of The 1970's - Statistics

General Stats
  • This quiz has been taken 202 times
  • The average score is 93 of 169
Answer Stats
Answer % Correct
Dancing Queen | Fernando | Knowing Me, Knowing You | +4 others Abba
97%
Bohemian Rhapsody Queen
95%
Night Fever | Tragedy Bee Gees
93%
Space Oddity David Bowie
93%
Da Ya Think I'm Sexy? | I Don't Want To Talk About It/The First Cut Is The Deepest | Reason To Believe/Maggie May | +2 others Rod Stewart
93%
Bridge Over Troubled Water Simon & Garfunkel
91%
Another Brick In The Wall (Part II) Pink Floyd
90%
Heart Of Glass | Sunday Girl Blondie
85%
I Will Survive Gloria Gaynor
85%
Message In A Bottle | Walking On The Moon The Police
85%
YMCA Village People
84%
Don't Go Breaking My Heart Elton John & Kiki Dee
83%
Summer Nights | You're The One That I Want John Travolta & Olivia Newton-John
83%
My Sweet Lord George Harrison
82%
Wuthering Heights Kate Bush
79%
Mull Of Kintyre/Girls School Wings
79%
Coz I Luv You | Cum On Feel The Noize | Mama Weer All Crazee Now | +3 others Slade
77%
School's Out Alice Cooper
76%
I Don't Like Mondays | Rat Trap The Boomtown Rats
75%
Voodoo Child (Slight Return) The Jimi Hendrix Experience
74%
Video Killed The Radio Star The Buggles
73%
My Ding-A-Ling Chuck Berry
72%
Dreadlock Holiday | I'm Not In Love | Rubber Bullets 10cc
71%
Mary's Boy Child - Oh My Lord | Rivers Of Babylon/Brown Girl In The Ring Boney M
70%
Puppy Love | The Twelfth Of Never | Young Love Donny Osmond
70%
Baby Jump | In The Summertime Mungo Jerry
69%
Get It On | Hot Love | Metal Guru | Telegram Sam T-Rex
69%
We Don't Talk Anymore Cliff Richard
66%
Annie's Song John Denver
65%
Two Little Boys Rolf Harris
64%
Three Times A Lady Commodores
63%
I Feel Love Donna Summer
63%
Kung Fu Fighting Carl Douglas
60%
The Wonder Of You | Way Down Elvis Presley
60%
Cars Gary Numan
60%
Lonely This Christmas | Oh Boy | Tiger Feet Mud
60%
December 1963 (Oh What A Night) The Four Seasons
60%
Love Me For A Reason The Osmonds
60%
Stand By Your Man Tammy Wynette
58%
Bye Bye Baby | Give A Little Love Bay City Rollers
56%
Ernie (The Fastest Milkman In The West) Benny Hill
56%
Always Yours | I Love You Love Me Love | I'm The Leader Of The Gang (I Am) Gary Glitter
56%
Hit Me With Your Rhythm Stick Ian Dury & The Blockheads
56%
Wand'rin Star Lee Marvin
56%
The Tears Of A Clown Smokey Robinson & The Miracles
56%
Seasons In The Sun Terry Jacks
56%
You're The First, The Last, My Everything Barry White
55%
If You Leave Me Now Chicago
55%
Knock Three Times Dawn
55%
Can The Can | Devil Gate Drive Suzi Quatro
55%
Vincent Don McLean
54%
Tie A Yellow Ribbon Round The Old Oak Tree Tony Orlando & Dawn
54%
Bright Eyes | I Only Have Eyes For You Art Garfunkel
53%
Angelo | Figaro | Save Your Kisses For Me Brotherhood Of Man
51%
Gonna Make You A Star | Hold Me Close David Essex
51%
Spirit In The Sky Norman Greenbaum
51%
I'd Like To Teach The World To Sing (In Perfect Harmony) | You Won't Find Another Fool Like Me The New Seekers
51%
Blockbuster! The Sweet
50%
Don't Give Up On Us | Silver Lady David Soul
49%
Down Down Status Quo
49%
Combine Harvester The Wurzels
49%
Clair | Get Down Gilbert O'Sullivan
47%
Without You Nilsson
47%
When You're In Love With A Beautiful Woman Dr Hook
46%
Grandad Clive Dunn
45%
Make Me Smile (Come Up And See Me) Steve Harley & Cockney Rebel
45%
Yes Sir, I Can Boogie Baccara
44%
Lucille Kenny Rogers
44%
Long Haired Lover From Liverpool Little Jimmy Osmond
44%
Angel Fingers | See My Baby Jive Wizzard
44%
All Kinds Of Everything Dana
43%
The Roussos Phenomenon Demis Roussos
43%
Love Grows (Where My Rosemary Goes) Edison Lighthouse
42%
Are 'Friends' Electric? Tubeway Army
41%
So You Win Again Hot Chocolate
40%
When A Child Is Born (Soleado) Johnny Mathis
40%
Under The Moon Of Love Showaddywaddy
40%
I'm Still Waiting Diana Ross
39%
Chanson D'Amour The Manhattan Transfer
39%
Ring My Bell Anita Ward
38%
D.I.V.O.R.C.E. Billy Connolly
38%
When I Need You Leo Sayer
38%
Chirpy Chirpy Cheep Cheep Middle Of The Road
38%
January Pilot
38%
She Charles Aznavour
37%
Whispering Grass Windsor Davies & Don Estelle
37%
Mouldy Old Dough Lieutenant Pigeon
36%
Son Of My Father Chicory Tip
35%
Don't Cry For Me Argentina Julie Covington
34%
If Telly Savalas
33%
Float On The Floaters
33%
Uptown Top Ranking Althea & Donna
31%
Band Of Gold Freda Payne
31%
Billy Don't Be A Hero Paper Lace
31%
Welcome Home Peters & Lee
31%
Sugar Baby Love The Rubettes
31%
I Love To Love (But My Baby Loves To Dance) Tina Charles
31%
Mississippi Pussycat
30%
Jealous Mind Alvin Stardust
29%
Matchstalk Men & Matchstalk Cats & Dogs Brian & Michael
28%
I Hear You Knocking Dave Edmunds
28%
Daydreamer/The Puppy Song | How Can I Be Sure David Cassidy
28%
Barbados Typically Tropical
28%
The Streak Ray Stevens
26%
When Will I See You Again The Three Degrees
26%
Back Home England World Cup Squad
25%
Rock Your Baby George McCrae
25%
Eye Level Simon Park Orchestra
25%
Yellow River Christie
24%
Show You The Way To Go The Jacksons
22%
Forever And Ever Slik
21%
You To Me Are Everything The Real Thing
21%
One Day At A Time Lena Martell
17%
Can't Give You Anything (But My Love) The Stylistics
17%
Ms Grace The Tymes
17%
Tears On My Pillow Johnny Nash
15%
Free Deniece Williams
13%
No Charge JJ Barrie
13%
Woodstock Matthews Southern Comfort
13%
Amazing Grace Royal Scots Dragoon Guards
13%
Hey Girl Don't Bother Me The Tams
13%
Everything I Own Ken Boothe
11%
Sad Sweet Dreamer Sweet Sensation
9%
Double Barrel Dave & Ansell Collins
6%
No matching quizzes found
Score Distribution
Percent of People with Each Score
Percentile by Number Answered
Your Score History
You have not taken this quiz